000 00602nam a22001937a 4500
003 OSt
005 20251201104650.0
008 251126b |||||||| |||| 00| 0 eng d
020 _a971-8510-53-2.
040 _aDWCL-Main lib
_cOC
082 _aFil. 526.1 B554g 1987
100 _aBesavilla, Venancio I., Jr.
245 _aGeodetic engineering :
_bcomputerized licensure exams/
_cBesavilla, Venancio I., Jr.
260 _aCebu City :
_bVIB Publisher,
_cc1987.
300 _a287 pages :
_billustration ;
_c21 cm.
650 _21. Geodesy.
650 _22. Map drawing.
942 _2ddc
_cBK - FIL
_kFil.
_n0
999 _c6355
_d6355